Il ragionevole giuridico nella storia.
Sparad:
| Huvudupphovsman: | |
|---|---|
| Materialtyp: | Bok |
| Språk: | italienska |
| Publicerad: |
Torino, Italia:
G. Giappichelli,
2008.
|
| Ämnen: | |
| Taggar: |
Lägg till en tagg
Inga taggar, Lägg till första taggen!
|
MARC
| LEADER | 00000cam a2200000 a 4500 | ||
|---|---|---|---|
| 001 | UCF3073 | ||
| 003 | CL-VaPUC | ||
| 005 | 20220822114404.0 | ||
| 008 | 120927e20080000IT |||||||||||||||||ita|d | ||
| 999 | |c 349593 |d 349591 | ||
| 020 | |a 978-88-348-8451-5 | ||
| 040 | |c Pontificia Universidad Católica de Valparaíso | ||
| 082 | 0 | 4 | |a 340.9 DIU 2008 |2 21 |
| 100 | 0 | |a Diurni, Giovanni |e author |9 564984 | |
| 245 | 1 | 3 | |a Il ragionevole giuridico nella storia. |
| 260 | |a Torino, Italia: |b G. Giappichelli, |c 2008. | ||
| 300 | |a 311 páginas. | ||
| 500 | |a c.2 Donación Familia Prof. Alejandro Guzmán Brito. | ||
| 583 | |a last modification |c 20120927 15:26:00 |k Rodrigo Vera | ||
| 650 | 0 | |a Historia del derecho |9 255109 | |
| 650 | 0 | |a Filosofía del derecho |9 255050 | |
| 942 | |c BK |2 ddc |n 0 | ||
| 945 | |d 20120927 00:00:00 |a cmena | ||
| 952 | |0 0 |1 0 |4 0 |6 340_900000000000000_DIU_2008 |7 0 |8 DER_HIS |9 452258 |a BIBDER |b BIBDER |d 2019-11-22 |i 4905873 |o 340.9 DIU 2008 |p 4905873 |r 2023-01-25 |w 2019-11-22 |x Ubicación 4to Piso |y BK |z Estos recursos deben solicitarse con anticipación |k DER | ||
| 952 | |0 0 |1 0 |2 ddc |4 0 |6 340_900000000000000_DIU_2008 |7 1 |8 C_AGB |9 580962 |a BIBDER |b BIBDER |d 2022-01-31 |e Donación |i 5643058 |o 340.9 DIU 2008 |p 5643058 |r 2023-01-25 |t 2 |w 2022-01-31 |y BK_US |k AGB | ||